Continents By Population - Statistics

General Stats
  • This quiz has been taken 465 times
  • The average score is 7 of 7
Answer Stats
Rank Population Continent % Correct
2 1.111 billion Africa
99%
1 4.427 billion Asia
99%
3 742.5 million Europe
97%
4 528.7 million North America
96%
5 387.5 million South America
93%
6 31.26 million Australia
89%
7 3 thousand Antarctica
84%
No matching quizzes found
Score Distribution
Percent of People with Each Score
Percentile by Number Answered
Your Score History
You have not taken this quiz